KOHA-Header-6

Cryptography and network Security (Record no. 439)

000 -LEADER
fixed length control field 00381nam a2200157Ia 4500
003 - CONTROL NUMBER IDENTIFIER
control field OSt
005 - DATE AND TIME OF LATEST TRANSACTION
control field 20190918201743.0
008 - FIXED-LENGTH DATA ELEMENTS--GENERAL INFORMATION
fixed length control field 190722s9999 xx 000 0 und d
020 ## - INTERNATIONAL STANDARD BOOK NUMBER
International Standard Book Number 978-9332585225
040 ## - CATALOGING SOURCE
Transcribing agency maju
100 ## - MAIN ENTRY--PERSONAL NAME
Personal name William Stallings
245 #0 - TITLE STATEMENT
Title Cryptography and network Security
260 ## - PUBLICATION, DISTRIBUTION, ETC. (IMPRINT)
Place of publication, distribution, etc India
Name of publisher, distributor, etc Dorling Kindersely
Date of publication, distribution, etc 2016
300 ## - PHYSICAL DESCRIPTION
Extent 660
942 ## - ADDED ENTRY ELEMENTS (KOHA)
Koha item type Books
Source of classification or shelving scheme
Holdings
Withdrawn status Lost status Damaged status Not for loan Collection code Permanent Location Current Location Shelving location Date acquired Full call number Barcode Date last seen Price effective from Koha item type
        Computer Networking MAJU MAJU Shelf No.A33 2019-07-22 330.01519 7065 2019-07-22 2019-07-22 Computer Networking

Powered by Koha